banner koha

Resumos da 16. Reuniao Anual da Socidade Brasileira de Bioquimica (Registro n. 123504)

MARC details
000 -LÍDER
campo de controle de tamanho fixo 00818nas a2200229 4500
001 - NÚMERO DE CONTROLE
campo de controle BR8803884
003 - IDENTIFICADOR DO NÚMERO DE CONTROLE
campo de controle BR-BrBNA
005 - DATA E HORÁRIO DA ÚLTIMA TRANSAÇÃO
campo de controle 20231205091211.0
007 - CAMPO FIXO DE DESCRIÇÃO FÍSICA--INFORMAÇÃO GERAL
campo de controle de tamanho fixo ta
008 - CAMPO DE DADOS FIXOS--INFORMAÇÃO GERAL
campo de controle de tamanho fixo 230509b bl.|||p| |||| 00| 00por d
040 ## - FONTE DA CATALOGAÇÃO
Instituição da catalogação original BR-BrBNA
Idioma da catalogação por
Instituição que transcreveu o registro Biblioteca Nacional de Agricultura
041 ## - CÓDIGO DE IDIOMA
Código do idioma do texto/trilha sonora ou título diferente (Pt)
072 ## - CÓDIGO DE CATEGORIA DE ASSUNTO
Código de Categoria de Assunto L20; L50
110 1# - ENTRADA PRINCIPAL--NOME CORPORATIVO
Nome corporativo ou nome da jurisdição Instituto de Tecnologia do Parana, Curitiba (Brasil)
9 (RLIN) 6267
111 1# - ENTRADA PRINCIPAL--NOME DO EVENTO
Nome do evento ou lugar 16. Reuniao Anual da Sociedade Brasileira de Bioquimica
Local do evento Caxambu, MG (Brazil)
Data do evento ou assinatura do tratado 22-25 Apr 1987
245 1# - TÍTULO
Título Resumos da 16. Reuniao Anual da Socidade Brasileira de Bioquimica
650 ## - ASSUNTO--TERMO TÓPICO
Cabeçalho tópico ou nome geográfico BIOLOGIA
650 ## - ASSUNTO--TERMO TÓPICO
Cabeçalho tópico ou nome geográfico BIOQUIMICA
773 0# - ENTRADA ANALÍTICA
Título Arquivos de Biologia e Tecnologia (Brazil)
ISSN - International Standard Serial Number ISSN 0365-0979
Partes relacionadas (Apr 1987), v. 30(1) p. 1-240
Número de controle do registro BR8803884
909 ## -
-- 202311
-- Lúcia
-- 55
-- Lúcia Elande
942 ## - ELEMENTOS DE ENTRADA ADICIONADOS (KOHA)
Fonte da classificação ou esquema de arquivamento na estante Classificação AGRIS
Ocultar no OPAC Não
Tipo de material Koha Analítica
Exemplares
Situação do descarte Fonte da classificação ou esquema de arquivamento na estante Situação física Não pode ser emprestado Biblioteca de origem Biblioteca atual Localização na estante Enumeração do periódico / cronologia Total de empréstimos Data de último acesso Número do exemplar Tipo de material Koha Fonte de aquisição
  Classificação AGRIS   Consulta local Biblioteca Nacional de Agricultura - Binagri Biblioteca Nacional de Agricultura - Binagri   (Apr 1987), v. 30(1) p. 1-240   29/11/2023 01 Periódicos Portaria Interministerial nº 164/94

BINAGRI

Telefone: (61)3218-2567/2388/3357/2097 - binagri@agro.gov.br

Ministério da Agricultura e Pecuária , Esplanada dos Ministérios, Bloco D, Anexo B, Brasília/DF, CEP: 70.043-900